00516nam a2200193 a 4500001001300000003000900013005001700022008004100039020001000080082001500090100002200105245003800127260005900165300000900224500003500233505001000268650002200278700002200300nice12345678IN_TiNIC20260116011654.0050524s1973 bana grp 000 0 eng  ac6.500a269.2bTAY aTaylor, Richard W aContributions of E.Stanley Jones. aBangalorebChristian Instt.For Study of Religionc1973 a120p aincludes index and biblioraphy2 aIndex aEvangelistic Work1 aTaylor, Richard W